00315nam a2200121Ia 4500008004100000041001200041082001100053100001500064245008400079260000600163650000600169700001800175221030s9999 xx 000 0 und d aEnglish a105.23 aS. Motewar 0aComputer for Begineers with Introduction to BASICcby S. Motewar, S. Domkundwar c0 aB aS. Domkundwar